[Event "Sao Paulo Carnaval op"]
[Site "Sao Paulo"]
[Date "2020.02.23"]
[Round "3"]
[White "Aragao Neto, Joao Batista"]
[Black "Oliveira, Olavo Tadeu Carvalh"]
[Result "1/2-1/2"]
[WhiteElo "1699"]
[BlackElo "1257"]
[PlyCount "74"]
[EventDate "2020.02.22"]
[EventType "swiss"]
[EventRounds "7"]
[EventCountry "BRA"]
[SourceTitle "CBM 195 Extra"]
[Source "ChessBase"]
[SourceDate "2020.05.31"]
[SourceVersion "1"]
[SourceVersionDate "2020.05.31"]
[SourceQuality "1"]

1. Nf3 Nf6 2. g3 g6 3. Bg2 Bg7 4. d4 d6 5. 0-0 0-0 6. c4 Nbd7 7. Nc3 e5 8. Bg5 c6 9. e4 Qc7 10. Qd2 a6 11. Rfe1 Re8 12. d5 c5 13. Rac1 Nb6 14. b3 Bg4 15. h3 Bxf3 16. Bxf3 Nbd7 17. Bg2 Rab8 18. a4 Qa5 19. Rf1 Qb4 20. Qc2 h6 21. Bd2 Qb6 22. Rce1 Qd8 23. Na2 b5 24. axb5 axb5 25. Nc3 bxc4 26. bxc4 Qb6 27. Nb5 Bf8 28. Ra1 Ra8 29. Ra4 Qb7 30. Rfa1 Rxa4 31. Rxa4 Ra8 32. Qa2 Rxa4 33. Qxa4 Nb6 34. Qa2 Qa8 35. Qxa8 Nxa8 36. Ba5 Nd7 37. f3 f6 1/2-1/2

[Event "Sao Bento do Sul op"]
[Site "Sao Bento do Sul"]
[Date "2019.08.24"]
[Round "4"]
[White "Oliveira, Olavo Tadeu Carvalh"]
[Black "Rodrigues Mota, Sophia Lorena"]
[Result "0-1"]
[WhiteElo "1112"]
[BlackElo "1448"]
[PlyCount "116"]
[EventDate "2019.08.23"]
[EventType "swiss"]
[EventRounds "7"]
[EventCountry "BRA"]
[SourceTitle "EXT 2020"]
[Source "ChessBase"]
[SourceDate "2019.10.17"]
[SourceVersion "1"]
[SourceVersionDate "2019.10.17"]
[SourceQuality "1"]

1. e4 c5 2. Nf3 e6 3. d4 cxd4 4. Nxd4 Nf6 5. Nc3 d6 6. Be3 Nbd7 7. f3 a6 8. Qd2 Qc7 9. 0-0-0 b5 10. a3 Bb7 11. Kb1 Rc8 12. g4 Nb6 13. Qf2 Nc4 14. Bxc4 Qxc4 15. Qe2 Qxe2 16. Ndxe2 d5 17. exd5 Nxd5 18. Nxd5 Bxd5 19. Rhf1 Bd6 20. Bf4 Be7 21. Nc3 Bc4 22. Rfe1 Bh4 23. Bg3 Bf6 24. Ne4 Be7 25. Bd6 Rd8 26. Bxe7 Kxe7 27. Nc3 Rxd1+ 28. Rxd1 Rd8 29. Rxd8 Kxd8 30. b3 Bf1 31. Kc1 Ke7 32. Kd2 Kf6 33. Ke1 Bg2 34. Kf2 Bh3 35. Ne2 Kg5 36. Ng1 Bxg4 37. fxg4 Kxg4 38. h3+ Kf4 39. Nf3 h6 40. Nd2 Ke5 41. c4 Kd4 42. a4 Kc5 43. Ne4+ Kc6 44. axb5+ axb5 45. cxb5+ Kxb5 46. Nd6+ Kb4 47. Nxf7 Kxb3 48. Kg3 Kc4 49. Kh4 Kd5 50. Kh5 e5 51. Nxe5 Kxe5 52. Kg6 Kf4 53. Kh5 Kg3 54. h4 Kf4 55. Kg6 Kg4 56. Kxg7 h5 57. Kg6 Kxh4 58. Kf5 Kg3 0-1

[Event "Pan American-ch U08"]
[Site "Guayaquil"]
[Date "2019.07.27"]
[Round "9"]
[White "Mamani Alvino, Esdras Adrian"]
[Black "Oliveira, Olavo Tadeu Carvalh"]
[Result "1-0"]
[WhiteElo "1175"]
[BlackElo "1112"]
[PlyCount "85"]
[EventDate "2019.07.21"]
[EventType "swiss"]
[EventRounds "9"]
[EventCountry "ECU"]
[SourceTitle "EXT 2020"]
[Source "ChessBase"]
[SourceDate "2019.10.17"]
[SourceVersion "1"]
[SourceVersionDate "2019.10.17"]
[SourceQuality "1"]

1. e4 c5 2. Nc3 d6 3. d3 Nf6 4. g3 g6 5. Bg2 Bg7 6. Nge2 0-0 7. 0-0 Nc6 8. Be3 Rb8 9. f4 b5 10. e5 Ng4 11. Qd2 Bd7 12. exd6 Nxe3 13. Qxe3 exd6 14. Qd2 Re8 15. Rae1 b4 16. Nd1 Rb6 17. b3 Re7 18. c4 Qe8 19. Nf2 Nd4 20. Nxd4 Bxd4 21. Rxe7 Qxe7 22. Re1 Qd8 23. Qe2 Bc6 24. Bxc6 Rxc6 25. Qe7 Bxf2+ 26. Kxf2 Qxe7 27. Rxe7 Ra6 28. Re2 Kg7 29. h4 Kf6 30. d4 cxd4 31. Rd2 h6 32. Rxd4 Ke6 33. Rd2 Kf6 34. Re2 Kf5 35. Ke3 Ke6 36. Kd4+ Kd7 37. Rd2 Ke7 38. c5 Rc6 39. Rc2 Ke6 40. Rc4 a5 41. cxd6 Kxd6 42. Rxc6+ Kxc6 43. Ke5 1-0

[Event "BRA-ch Amateur U1600"]
[Site "Sao Paulo"]
[Date "2019.06.21"]
[Round "3"]
[White "Dos Santos, Paulo H Maximo"]
[Black "Oliveira, Olavo Tadeu Carvalh"]
[Result "1-0"]
[WhiteElo "1481"]
[BlackElo "1115"]
[PlyCount "151"]
[EventDate "2019.06.20"]
[EventType "swiss"]
[EventRounds "7"]
[EventCountry "BRA"]
[SourceTitle "CBM 195 Extra"]
[Source "ChessBase"]
[SourceDate "2020.05.31"]
[SourceVersion "1"]
[SourceVersionDate "2020.05.31"]
[SourceQuality "1"]

1. e4 c5 2. Nf3 d6 3. Bb5+ Nc6 4. d4 cxd4 5. Nxd4 Bd7 6. Bxc6 bxc6 7. c4 c5 8. Ne2 Nf6 9. Nbc3 g6 10. 0-0 Bg7 11. Bf4 Qc7 12. Nd5 Nxd5 13. Qxd5 0-0 14. Rab1 Be6 15. Qd3 Rab8 16. b3 Kh8 17. Bd2 f5 18. f3 Rbc8 19. Bc3 Kg8 20. Bxg7 Kxg7 21. Nf4 Bd7 22. Nd5 fxe4 23. fxe4 Qd8 24. Qc3+ Kg8 25. Rxf8+ Qxf8 26. Rf1 Qd8 27. e5 Bc6 28. Qf3 Qe8 29. e6 Bxd5 30. cxd5 Rb8 31. Qf7+ Qxf7 32. Rxf7 Rb7 33. Kf2 a6 34. Kg3 h6 35. Kg4 Kh8 36. Rf8+ Kg7 37. Ra8 Rb6 38. Ra7 Kf8 39. h4 Rb4+ 40. Kh3 Rb6 41. Rc7 Rb4 42. Rc8+ Kg7 43. Re8 Rb7 44. g4 Kf6 45. Rh8 Kg7 46. Ra8 Rb6 47. Ra7 Kf6 48. g5+ hxg5 49. hxg5+ Kxg5 50. Rxe7 Rb4 51. Ra7 Rd4 52. e7 Re4 53. Rxa6 Rxe7 54. Rxd6 Re3+ 55. Kg2 Re2+ 56. Kf3 Rxa2 57. Rc6 Rb2 58. Rxc5 Rxb3+ 59. Ke4 Rb4+ 60. Ke5 Rf4 61. d6 Rf5+ 62. Kd4 Rxc5 63. Kxc5 Kf6 64. Kc6 g5 65. d7 g4 66. d8Q+ Kf5 67. Kd5 Kf4 68. Qf6+ Kg3 69. Ke4 Kh2 70. Qh4+ Kg1 71. Qxg4+ Kf2 72. Qh3 Kg1 73. Qe3+ Kf1 74. Qd2 Kg1 75. Kf3 Kh1 76. Qg2# 1-0

[Event "BRA-ch Amateur U1600"]
[Site "Sao Paulo"]
[Date "2019.06.20"]
[Round "1"]
[White "Oliveira, Olavo Tadeu Carvalh"]
[Black "Santana, Expedito"]
[Result "1/2-1/2"]
[WhiteElo "1115"]
[BlackElo "1513"]
[PlyCount "44"]
[EventDate "2019.06.20"]
[EventType "swiss"]
[EventRounds "7"]
[EventCountry "BRA"]
[SourceTitle "CBM 195 Extra"]
[Source "ChessBase"]
[SourceDate "2020.05.31"]
[SourceVersion "1"]
[SourceVersionDate "2020.05.31"]
[SourceQuality "1"]

1. e4 c6 2. d4 d5 3. exd5 cxd5 4. Bd3 g6 5. Bf4 Bg7 6. c3 Nf6 7. Nd2 Nbd7 8. Ngf3 0-0 9. 0-0 Qb6 10. Qc2 Nh5 11. Be3 f5 12. Nb3 Nhf6 13. Qd2 Re8 14. Rfe1 Ne4 15. Bxe4 fxe4 16. Ne5 Nf6 17. Bh6 Bh8 18. Re3 Nh5 19. g4 Nf6 20. Rg3 Nd7 21. Nxd7 Bxd7 22. Qf4 Qf6 1/2-1/2

[Event "Cuiaba Contaud op"]
[Site "Cuiaba"]
[Date "2019.06.01"]
[Round "3"]
[White "Oliveira, Olavo Tadeu Carvalh"]
[Black "Felix, Raimundo Nascimento"]
[Result "0-1"]
[WhiteElo "1115"]
[BlackElo "1835"]
[PlyCount "86"]
[EventDate "2019.05.31"]
[EventType "swiss"]
[EventRounds "6"]
[EventCountry "BRA"]
[SourceTitle "EXT 2020"]
[Source "ChessBase"]
[SourceDate "2019.10.17"]
[SourceVersion "1"]
[SourceVersionDate "2019.10.17"]
[SourceQuality "1"]

1. e4 c5 2. Nf3 d6 3. d4 cxd4 4. Nxd4 Nf6 5. Nc3 g6 6. Be3 Bg7 7. f3 Nc6 8. Qd2 0-0 9. 0-0-0 d5 10. exd5 Nxd5 11. Nxd5 Qxd5 12. Kb1 Nxd4 13. Bxd4 Be6 14. b3 Rad8 15. Be3 Qe5 16. Bd4 Rxd4 17. Qxd4 Qxd4 18. Rxd4 Bxd4 19. Bd3 Bc3 20. h4 Rd8 21. g4 Bd5 22. Rh3 b5 23. f4 b4 24. Rg3 e5 25. fxe5 Bxe5 26. Rg1 Bc3 27. Rd1 Re8 28. h5 Bf3 29. Rg1 Bxg4 30. hxg6 hxg6 31. Bb5 Re5 32. Bd3 g5 33. Rf1 f5 34. Bc4+ Kg7 35. Bd3 Bf3 36. Rg1 Kf6 37. Rc1 g4 38. Rg1 g3 39. Bc4 g2 40. Bd3 Re1+ 41. Rxe1 Bxe1 42. Kb2 Bc3+ 43. Kb1 g1Q+ 0-1

[Event "Cuiaba Contaud op"]
[Site "Cuiaba"]
[Date "2019.06.01"]
[Round "4"]
[White "Stiegemeier, Fernando"]
[Black "Oliveira, Olavo Tadeu Carvalh"]
[Result "1-0"]
[WhiteElo "1938"]
[BlackElo "1115"]
[PlyCount "72"]
[EventDate "2019.05.31"]
[EventType "swiss"]
[EventRounds "6"]
[EventCountry "BRA"]
[SourceTitle "EXT 2020"]
[Source "ChessBase"]
[SourceDate "2019.10.17"]
[SourceVersion "1"]
[SourceVersionDate "2019.10.17"]
[SourceQuality "1"]

1. d4 Nf6 2. Bg5 g6 3. Bxf6 exf6 4. Nf3 Bg7 5. e4 0-0 6. Bc4 d6 7. 0-0 f5 8. e5 d5 9. Bb3 Be6 10. Nbd2 Nd7 11. c4 Nb6 12. c5 Nd7 13. Rc1 c6 14. Ba4 g5 15. b4 a6 16. Bc2 g4 17. Ne1 Qg5 18. g3 Bh6 19. Nb3 Qh5 20. Rb1 f6 21. f4 fxe5 22. dxe5 Bg7 23. Nd4 Qg6 24. Ng2 Rae8 25. Nh4 Qh5 26. Bd3 Nb8 27. Qc2 Qh6 28. Nhxf5 Bxf5 29. Nxf5 Qh5 30. Nd6 Re7 31. a4 Qh3 32. Rf2 Qh5 33. b5 axb5 34. axb5 cxb5 35. Rxb5 Nc6 36. Qb3 Kh8 1-0

[Event "BRA-ch Amateur U1600"]
[Site "Sao Paulo"]
[Date "2018.06.01"]
[Round "3"]
[White "Quimello, Heitor"]
[Black "Oliveira, Olavo Tadeu Carvalh"]
[Result "1-0"]
[WhiteElo "1499"]
[BlackElo "1084"]
[PlyCount "31"]
[EventDate "2018.05.31"]
[EventType "swiss"]
[EventRounds "7"]
[EventCountry "BRA"]
[SourceTitle "EXT 2021"]
[Source "ChessBase"]
[SourceDate "2020.10.23"]
[SourceVersion "1"]
[SourceVersionDate "2020.10.23"]
[SourceQuality "1"]

1. e4 e5 2. Nf3 Nc6 3. Bb5 a6 4. Ba4 b5 5. Bb3 h6 6. 0-0 Nf6 7. Re1 Bc5 8. c3 Ng4 9. d4 exd4 10. Nxd4 Nxd4 11. cxd4 Bb4 12. Nc3 Nf6 13. a3 Ba5 14. e5 Ng8 15. Qf3 Rb8 16. Qxf7# 1-0

[Event "Sao Paulo op-C U1700 7th"]
[Site "Sao Paulo"]
[Date "2018.04.01"]
[Round "5"]
[White "Barberi, Catarina"]
[Black "Oliveira, Olavo Tadeu Carvalh"]
[Result "0-1"]
[WhiteElo "1226"]
[BlackElo "1662"]
[PlyCount "52"]
[EventDate "2018.03.30"]
[EventType "swiss"]
[EventRounds "6"]
[EventCountry "BRA"]
[SourceTitle "EXT 2021"]
[Source "ChessBase"]
[SourceDate "2020.10.23"]
[SourceVersion "1"]
[SourceVersionDate "2020.10.23"]
[SourceQuality "1"]

1. Nf3 Nf6 2. b3 e6 3. Bb2 b5 4. d4 Bb7 5. Nbd2 d5 6. a3 Be7 7. e3 b4 8. a4 0-0 9. Bd3 Nbd7 10. 0-0 c5 11. Ne5 Rc8 12. c4 bxc3 13. Bxc3 cxd4 14. Bxd4 Bc5 15. f4 Ne4 16. Nxe4 dxe4 17. Be2 Qe7 18. Bb5 Nxe5 19. fxe5 Rfd8 20. Bxc5 Rxc5 21. Qh5 Rc2 22. Bc4 Rdd2 23. Rfd1 Rxg2+ 24. Kf1 Rcf2+ 25. Ke1 Qb4+ 26. Rd2 Qxd2# 0-1